| 000 | 01304nam0a2200361 4500 | ||
|---|---|---|---|
| 001 | RU\NLR\bibl\1403478 | ||
| 005 | 20250615205001.0 | ||
| 010 |
_a978-5-89355-311-6 _914000 |
||
| 021 |
_aRU _b2009-47434 _92902 |
||
| 035 | _a(nilc)RSL-KNO-004342002 | ||
| 035 | _a(NLR Aleph) 001395477 | ||
| 090 |
_a1189145 _c1189145 |
||
| 100 | _a20090610d2008 |||y0rusy50 ca | ||
| 101 | 1 |
_arus _ceng |
|
| 102 | _aRU | ||
| 105 | _aa zzzz||||| | ||
| 200 | 1 |
_aБабочки _e[для детей младшего школьного возраста _fтекст Эдвард С. Барнард _gпер. с англ. Владимира Свечникова] |
|
| 210 |
_aМосква _cReader's Digest Young Families _d2008 |
||
| 215 |
_a45 с. _cцв. ил. _d24 |
||
| 225 | 1 | _aПервое знакомство | |
| 300 | _aАвт. указан в вып.дан. | ||
| 320 | _aУказ.: с. 44 | ||
| 606 | 1 |
_aБабочки _jИздания для детей _91096506 _3RU\NLR\auth\66111653 |
|
| 686 |
_aШ9:Е691.89(2) _2rubbk |
||
| 686 |
_aШ9 _bЕ691.89 |
||
| 700 | 1 |
_aБарнард _bЭ. С. _gЭдвард С _4070 |
|
| 801 | 0 |
_aRU _bРКП _c20090610 _grcr |
|
| 801 | 1 |
_aRU _bРГБ _c20090610 |
|
| 801 | 2 |
_aRU _bNLR _c20090821 _grcr |
|
| 942 | _cBOOK | ||
| 980 | _aNB | ||